[Event "Acropolis 2006 Women Section"]
[Site "http://www.chessfed.gr/Acropo"]
[Date "2006.08.21"]
[Round "9.3"]
[White "Foisor, Sabina-Francesca"]
[Black "Makropoulou, Marina"]
[Result "1/2-1/2"]
[WhiteElo "2292"]
[BlackElo "2297"]
[PlyCount "26"]
[EventDate "2006.08.13"]

1. c4 c5 2. g3 g6 3. Bg2 Bg7 4. Nc3 Nc6 5. e3 e6 6. Nge2 Nge7 7. d4 cxd4 8.
Nxd4 Nxd4 9. exd4 d5 10. cxd5 Nxd5 11. Nxd5 exd5 12. O-O O-O 13. Qb3 Bxd4
1/2-1/2

[Event "Acropolis 2006 Women Section"]
[Site "http://www.chessfed.gr/Acropo"]
[Date "2006.08.21"]
[Round "9.5"]
[White "Karlovich, Anastazia"]
[Black "Kononenko, Tatiana"]
[Result "1/2-1/2"]
[WhiteElo "2285"]
[BlackElo "2392"]
[PlyCount "36"]
[EventDate "2006.08.13"]

1. e4 e6 2. d4 d5 3. Nc3 Bb4 4. Bd3 c5 5. a3 Bxc3+ 6. bxc3 Nc6 7. exd5 exd5 8.
dxc5 Qa5 9. Ne2 Qxc5 10. O-O Nge7 11. Be3 Qa5 12. c4 dxc4 13. Bxc4 O-O 14. Nd4
Rd8 15. Re1 Bf5 16. Qh5 Bg6 17. Qxa5 Nxa5 18. Ba2 h6 1/2-1/2

[Event "Acropolis 2006 Women Section"]
[Site "http://www.chessfed.gr/Acropo"]
[Date "2006.08.21"]
[Round "9.6"]
[White "Zawadzka, Jolanta"]
[Black "Burtasova, Anna"]
[Result "1/2-1/2"]
[WhiteElo "2378"]
[BlackElo "2311"]
[PlyCount "61"]
[EventDate "2006.08.13"]

1. e4 e5 2. Nf3 Nc6 3. Bb5 a6 4. Ba4 d6 5. d4 b5 6. Bb3 Nxd4 7. Nxd4 exd4 8.
Bd5 Rb8 9. Qxd4 Nf6 10. O-O Be7 11. Bc6+ Bd7 12. Bxd7+ Qxd7 13. a4 b4 14. Nd2
O-O 15. Nc4 Qe6 16. Bg5 Rfe8 17. Rfe1 h6 18. Bxf6 Bxf6 19. Qd5 c6 20. Qxe6 Rxe6
21. Rab1 d5 22. Nd2 Bg5 23. Nb3 Rxe4 24. Rxe4 dxe4 25. Nc5 e3 26. Nxa6 Rd8 27.
fxe3 Be7 28. c3 Ra8 29. Nxb4 Bxb4 30. cxb4 Rxa4 31. Rc1 1/2-1/2

[Event "Acropolis 2006 Women Section"]
[Site "http://www.chessfed.gr/Acropo"]
[Date "2006.08.21"]
[Round "9.10"]
[White "Sorokina, Anastasia"]
[Black "Petraki, Maria"]
[Result "1/2-1/2"]
[WhiteElo "2221"]
[BlackElo "2094"]
[PlyCount "194"]
[EventDate "2006.08.13"]

1. e4 c5 2. Nf3 d6 3. d4 cxd4 4. Nxd4 Nf6 5. Nc3 g6 6. Bc4 Bg7 7. h3 O-O 8. Bb3
a6 9. O-O b5 10. Re1 Bb7 11. Nd5 e6 12. Nxf6+ Bxf6 13. Bh6 Re8 14. c3 Nd7 15.
f4 Nc5 16. Bc2 e5 17. fxe5 dxe5 18. Nb3 Ne6 19. Qf3 Bg5 20. Bxg5 Nxg5 21. Qe3
Ne6 22. Rf1 Rc8 23. Rf2 a5 24. Qa7 Re7 25. Qxa5 Qxa5 26. Nxa5 Ba8 27. Nb3 Rec7
28. Bd3 Bc6 29. Re1 Be8 30. g3 Rd8 31. Bf1 Ra7 32. a3 Ra4 33. h4 Bc6 34. Bg2
Rd7 35. Kh2 Raa7 36. Bh3 Re7 37. Rd2 Rad7 38. Rxd7 Rxd7 39. Bxe6 fxe6 40. Re2
Kf7 41. Nc5 Rd1 42. Kg2 Ke7 43. Kf2 h6 44. Ke3 Rg1 45. Kf2 Rd1 46. Nb3 Rd3 47.
Nd2 Kf6 48. Nf1 g5 49. Ne3 h5 50. hxg5+ Kxg5 51. Nc2 Kg4 52. Ne3+ Kh3 53. Nf1
Kg4 54. Nh2+ Kg5 55. Nf3+ Kf6 56. Re3 Rd1 57. Re2 Rd3 58. Ne1 Rd1 59. Ke3 Bb7
60. Nd3 Rg1 61. Rf2+ Kg5 62. Kf3 Kf6 63. Ke2+ Kg5 64. Nc5 Bc6 65. Kf3 Kf6 66.
Rh2 Rf1+ 67. Ke2 Rb1 68. Ke3 Re1+ 69. Kd2 Rb1 70. Kc2 Rg1 71. Rxh5 Rxg3 72.
Rh6+ Kf7 73. Rh7+ Kf6 74. Rh8 Rg4 75. Rc8 Bxe4+ 76. Nxe4+ Rxe4 77. Rb8 Re2+ 78.
Kd3 Rxb2 79. a4 e4+ 80. Kxe4 Rb3 81. axb5 Rxc3 82. b6 Rc4+ 83. Kd3 Rb4 84. Kc3
Rb1 85. Kd4 Ke7 86. Kc5 Kd7 87. Rh8 Rb2 88. Rh7+ Kc8 89. Re7 Rc2+ 90. Kd6 Rd2+
91. Kc5 Rc2+ 92. Kd6 Rd2+ 93. Ke5 Rb2 94. Rc7+ Kb8 95. Rc6 Kb7 96. Rxe6 Rxb6
97. Rxb6+ Kxb6 1/2-1/2

[Event "Acropolis 2006 Women Section"]
[Site "http://www.chessfed.gr/Acropo"]
[Date "2006.08.21"]
[Round "9.12"]
[White "Ikonomopoulou, Maria"]
[Black "Foisor, Mihaela-Veronica"]
[Result "1-0"]
[WhiteElo "1976"]
[BlackElo "2005"]
[PlyCount "77"]
[EventDate "2006.08.13"]

1. e4 e6 2. d4 d5 3. Nd2 Nf6 4. e5 Nfd7 5. Bd3 c5 6. c3 b6 7. Ne2 Ba6 8. Bxa6
Nxa6 9. a3 c4 10. O-O Nc7 11. f4 b5 12. f5 Nb6 13. Ng3 Qd7 14. Nf3 exf5 15. e6
Nxe6 16. Ne5 Qc7 17. Nxf5 g6 18. Nh6 Bxh6 19. Rxf7 Qd6 20. Bxh6 O-O-O 21. Rxa7
Nc7 22. Nf7 Qf6 23. Nxd8 Rxd8 24. Qg4+ Kb8 25. Bg5 Qd6 26. Bf4 Kxa7 27. Bxd6
Rxd6 28. Re1 Na4 29. Qc8 Kb6 30. Re7 Na6 31. Rb7+ Ka5 32. Qe8 Nb6 33. Ra7 Nd7
34. Rxd7 Rxd7 35. Qxd7 h5 36. Qxd5 Ka4 37. Qa8 Ka5 38. Kf2 Kb6 39. Qg8 1-0

[Event "Acropolis 2006 Women Section"]
[Site "http://www.chessfed.gr/Acropo"]
[Date "2006.08.21"]
[Round "9.14"]
[White "Paganoglou, Anastasia"]
[Black "Makka, Evanthia"]
[Result "1-0"]
[WhiteElo "1935"]
[BlackElo "2032"]
[PlyCount "85"]
[EventDate "2006.08.13"]

1. e4 e6 2. d4 d5 3. Nc3 Nc6 4. Nf3 Nf6 5. e5 Ne4 6. Ne2 f6 7. c3 fxe5 8. dxe5
Bc5 9. Ned4 Nxd4 10. cxd4 Bb4+ 11. Bd2 Be7 12. Bd3 Nxd2 13. Qxd2 O-O 14. O-O-O
Bd7 15. h4 c5 16. Kb1 c4 17. Bc2 h6 18. Qe3 Qe8 19. Ng5 Qh5 20. f4 Qg4 21. Rdf1
hxg5 22. hxg5 Kf7 23. g3 Rh8 24. g6+ Kg8 25. Rxh8+ Kxh8 26. Qf2 Kg8 27. Qh2 Bh4
28. gxh4 Rf8 29. h5 Be8 30. a3 b5 31. Kc1 a5 32. Kd2 b4 33. Ke3 Rf5 34. Bd1
Rxe5+ 35. fxe5 Qe4+ 36. Kf2 c3 37. bxc3 bxc3 38. Kg1 Qxd4+ 39. Qf2 Qxf2+ 40.
Kxf2 d4 41. Be2 Ba4 42. Ke1 Bc2 43. Bc4 1-0

[Event "Acropolis 2006 Women Section"]
[Site "http://www.chessfed.gr/Acropo"]
[Date "2006.08.21"]
[Round "9.15"]
[White "Nikolaidou, Eleni"]
[Black "Smokina, Karolina"]
[Result "1/2-1/2"]
[WhiteElo "1897"]
[BlackElo "2215"]
[PlyCount "66"]
[EventDate "2006.08.13"]

1. e4 c5 2. c3 d5 3. exd5 Qxd5 4. d4 Nc6 5. Nf3 Bg4 6. Be2 cxd4 7. cxd4 e6 8.
Nc3 Bb4 9. O-O Qa5 10. Ne4 Rd8 11. Be3 Nge7 12. a3 Bd6 13. Nxd6+ Rxd6 14. b4
Qd8 15. b5 Bxf3 16. Bxf3 Na5 17. Rc1 Nd5 18. Qa4 b6 19. Bd2 O-O 20. Rc2 Rd7 21.
Rfc1 h6 22. g3 Kh7 23. Rc8 Qxc8 24. Rxc8 Rxc8 25. Bxa5 bxa5 26. Qxa5 Rb8 27.
Qd2 Kg8 28. a4 Rbd8 29. Qa5 Rc8 30. Bxd5 exd5 31. Qd2 Re7 32. Kg2 Rce8 33. Qa2
Rd7 1/2-1/2

[Event "Acropolis 2006 Women Section"]
[Site "http://www.chessfed.gr/Acropo"]
[Date "2006.08.21"]
[Round "9.17"]
[White "Sperdokli, Elli"]
[Black "Pagali, Marianna"]
[Result "1-0"]
[WhiteElo "2129"]
[BlackElo "1924"]
[PlyCount "133"]
[EventDate "2006.08.13"]

1. e4 c6 2. d4 d5 3. Nc3 dxe4 4. Nxe4 Bf5 5. Ng3 Bg6 6. h4 h6 7. Nf3 Nd7 8. h5
Bh7 9. Bd3 Bxd3 10. Qxd3 e6 11. Bd2 Qc7 12. O-O-O O-O-O 13. Kb1 Ngf6 14. c4 c5
15. Bc3 cxd4 16. Nxd4 a6 17. Qe2 Kb8 18. Nf3 Bd6 19. Ne4 Nxe4 20. Qxe4 e5 21.
Qf5 f6 22. Nd2 Nc5 23. Ne4 Nxe4 24. Qxe4 Qb6 25. f3 Bb4 26. Bxb4 Qxb4 27. Rd5
Rc8 28. Rc1 Rc7 29. a3 Qa4 30. Qd3 Rhc8 31. Rd8 Rxd8 32. Qxd8+ Rc8 33. Qd6+ Ka7
34. c5 Qe8 35. g4 Rc6 36. Qd3 Qc8 37. b4 Qg8 38. Kb2 Qf7 39. Rd1 Rc7 40. Qd6
Qe7 41. Qd5 Qf7 42. Qd8 Qe7 43. Kc3 Qxd8 44. Rxd8 Rf7 45. Rd6 f5 46. Rg6 fxg4
47. fxg4 Re7 48. Kd3 e4+ 49. Ke3 a5 50. b5 a4 51. c6 bxc6 52. Rxc6 Re5 53. Ra6+
Kb7 54. Rxa4 Kc7 55. Rc4+ Kd6 56. a4 Re7 57. Rxe4 Ra7 58. Rc4 Kd5 59. Rd4+ Kc5
60. Kd3 Ra8 61. Rc4+ Kb6 62. Kc3 Ra7 63. Kb4 Kb7 64. a5 Ra8 65. a6+ Kb6 66.
Rc6+ Ka7 67. Rc7+ 1-0